[Event "Swiss Queens Wed #7"]
[Site "FIDE Online Arena INT"]
[Date "2024.03.13"]
[Round "10"]
[White "Alaa, Dema"]
[Black "Narva, Mai"]
[Result "0-1"]
[WhiteElo "1843"]
[BlackElo "2399"]
[PlyCount "84"]
[EventDate "2024.03.13"]
[EventType "swiss (blitz)"]
[EventRounds "11"]
[EventCountry "NET"]
[SourceTitle "CB12_2024"]
[SourceDate "2023.10.01"]
[SourceVersion "1"]
[SourceVersionDate "2023.10.01"]
[SourceQuality "1"]

1. e4 e5 2. Nf3 Nc6 3. d4 exd4 4. Bc4 Be7 5. 0-0 d6 6. Nxd4 Nf6 7. Nc3 0-0 8. h3 a6 9. a4 Bd7 10. Be3 h6 11. Qd2 Re8 12. Rfe1 Bf8 13. Bf4 Nh5 14. Bh2 g6 15. Nxc6 Bxc6 16. Qe2 Bg7 17. Qg4 Qg5 18. Qxg5 hxg5 19. f3 Be5 20. Bxe5 Rxe5 21. Rad1 Nf4 22. Bd5 Kg7 23. Bb3 Rae8 24. Kf2 Bd7 25. Ne2 Ne6 26. Nd4 Nc5 27. Re3 f5 28. Rde1 fxe4 29. fxe4 g4 30. hxg4 Bxg4 31. Nf3 Rxe4 32. Rxe4 Rxe4 33. Bd5 Rxe1 34. Kxe1 c6 35. Bb3 Kf6 36. Kf2 Bxf3 37. Kxf3 a5 38. g3 Ke5 39. Kg4 Kf6 40. Kf4 g5+ 41. Kg4 d5 42. c3 Nxb3 0-1

[Event "Swiss Queens Wed #6"]
[Site "FIDE Online Arena INT"]
[Date "2024.03.06"]
[Round "3"]
[White "Vidruska, Renate"]
[Black "Alaa, Dema"]
[Result "0-1"]
[WhiteElo "1978"]
[BlackElo "1843"]
[PlyCount "68"]
[EventDate "2024.03.06"]
[EventType "swiss (blitz)"]
[EventRounds "11"]
[EventCountry "NET"]
[SourceTitle "CB11_2024"]
[SourceDate "2024.03.13"]
[SourceVersion "1"]
[SourceVersionDate "2024.03.13"]
[SourceQuality "1"]

1. e4 c5 2. Nf3 d6 3. d4 cxd4 4. Nxd4 Nf6 5. Nc3 g6 6. Nde2 Bg7 7. g3 0-0 8. Bg2 Nc6 9. 0-0 Bg4 10. h3 Bd7 11. Kh2 Rc8 12. a4 a5 13. Be3 Ne5 14. Ra2 Nc4 15. Bc1 Be6 16. b3 Ne5 17. Nb5 Ned7 18. f4 Nc5 19. f5 Bd7 20. Nbc3 Bc6 21. Rf4 Nh5 22. Rh4 Bf6 23. Rg4 Nxb3 24. cxb3 Bxc3 25. Nxc3 Nf6 26. Rh4 Bd7 27. Rc2 Qb6 28. Bh6 Qxb3 29. Bxf8 Rxc3 30. fxg6 Rxc2 31. gxh7+ Nxh7 32. Qf1 Nxf8 33. Qf4 Ng6 34. Qg5 Qb2 0-1

[Event "Cairo Al Ain op"]
[Site "Cairo"]
[Date "2023.12.02"]
[Round "9"]
[White "Elsenbary, Elsayed"]
[Black "Alaa, Dema"]
[Result "0-1"]
[WhiteElo "1818"]
[BlackElo "1580"]
[PlyCount "86"]
[EventDate "2023.11.27"]
[EventType "swiss"]
[EventRounds "10"]
[EventCountry "EGY"]
[SourceTitle "CB49_2023"]
[SourceDate "2023.12.06"]
[SourceVersion "1"]
[SourceVersionDate "2023.12.06"]
[SourceQuality "1"]

1. c4 Nf6 2. g3 g6 3. Bg2 Bg7 4. Nc3 c5 5. e4 d6 6. Nge2 Nc6 7. 0-0 0-0 8. h3 Be6 9. d3 Rc8 10. Be3 a6 11. Qd2 Re8 12. f4 Bd7 13. g4 Bh8 14. Ng3 Kf8 15. Rf2 e6 16. Raf1 Ng8 17. e5 Nd4 18. exd6 Bc6 19. Bxc6 Rxc6 20. Nce4 f5 21. gxf5 exf5 22. Nc3 Qxd6 23. Nd5 Ne7 24. Nxe7 Qxe7 25. Re1 Re6 26. Nf1 Qh4 27. Kg2 Bg7 28. Nh2 b6 29. Nf3 Nxf3 30. Rxf3 Bd4 31. Re2 g5 32. Kf1 g4 33. hxg4 Qh1+ 34. Kf2 fxg4 35. Rg3 Qh2+ 36. Rg2 g3+ 37. Kf3 Rxe3+ 38. Rxe3 Rxe3+ 39. Kg4 h5+ 40. Kg5 Qh3 41. Qd1 Re6 42. Qf3 Bf6+ 43. Kg6 Be7+ 0-1

[Event "Cairo Al Ain op"]
[Site "Cairo"]
[Date "2023.11.29"]
[Round "4"]
[White "Alaa, Dema"]
[Black "Metwaly, Mahmoud"]
[Result "1-0"]
[WhiteElo "1580"]
[BlackElo "1856"]
[PlyCount "67"]
[EventDate "2023.11.27"]
[EventType "swiss"]
[EventRounds "10"]
[EventCountry "EGY"]
[SourceTitle "CB49_2023"]
[SourceDate "2023.12.06"]
[SourceVersion "1"]
[SourceVersionDate "2023.12.06"]
[SourceQuality "1"]

1. e4 c5 2. c3 d5 3. exd5 Qxd5 4. Nf3 Bg4 5. Be2 Nc6 6. d4 cxd4 7. cxd4 e6 8. 0-0 Bd6 9. h3 Bh5 10. Nc3 Qa5 11. Re1 Nge7 12. a3 a6 13. Ne4 Bc7 14. b4 Qb6 15. Nc5 Rd8 16. Bb2 0-0 17. g4 Bg6 18. Bd3 Bxd3 19. Qxd3 e5 20. Qe4 exd4 21. Nxd4 Be5 22. Nxc6 Bxb2 23. Nxe7+ Kh8 24. Na4 Qf6 25. Nxb2 Qxb2 26. Qe5 Qb3 27. Nf5 f6 28. Qe7 Qg8 29. Qxb7 g6 30. Ng3 Rd6 31. Re7 f5 32. Rc1 fxg4 33. Rcc7 Rd1+ 34. Nf1 1-0

[Event "Cairo Al Ain op"]
[Site "Cairo"]
[Date "2023.11.28"]
[Round "2"]
[White "Alaa, Dema"]
[Black "Moawad, Elsayed Abdel Hamei"]
[Result "0-1"]
[WhiteElo "1580"]
[BlackElo "2110"]
[PlyCount "47"]
[EventDate "2023.11.27"]
[EventType "swiss"]
[EventRounds "10"]
[EventCountry "EGY"]
[SourceTitle "CB49_2023"]
[SourceDate "2023.12.06"]
[SourceVersion "1"]
[SourceVersionDate "2023.12.06"]
[SourceQuality "1"]

1. e4 c5 2. c3 g6 3. d4 cxd4 4. cxd4 d5 5. e5 Bg7 6. Nc3 a6 7. f4 Nh6 8. h3 Nc6 9. Nf3 0-0 10. g4 f6 11. Bg2 fxe5 12. fxe5 e6 13. Bg5 Qb6 14. Qd2 Rxf3 15. Bxf3 Nxd4 16. Bg2 Nf7 17. Be3 Nc2+ 18. Qxc2 Qxe3+ 19. Qe2 Qg3+ 20. Kd2 Nxe5 21. Raf1 Bd7 22. Kc2 d4 23. Qf2 Qd3+ 24. Kc1 0-1